Organization theory / (Record no. 11891)

MARC details
000 -LEADER
fixed length control field 01187cam a2200349 a 4500
001 - CONTROL NUMBER
control field 14881724
003 - CONTROL NUMBER IDENTIFIER
control field OSt
005 - DATE AND TIME OF LATEST TRANSACTION
control field 20211012121037.0
008 - FIXED-LENGTH DATA ELEMENTS--GENERAL INFORMATION
fixed length control field 070606s2008 caua b 001 0 eng
010 ## - LIBRARY OF CONGRESS CONTROL NUMBER
LC control number 2007930329
015 ## - NATIONAL BIBLIOGRAPHY NUMBER
National bibliography number GBA760302
Source bnb
016 7# - NATIONAL BIBLIOGRAPHIC AGENCY CONTROL NUMBER
Record control number 013806060
Source Uk
020 ## - INTERNATIONAL STANDARD BOOK NUMBER
International Standard Book Number 9781412935487 (hbk.)
020 ## - INTERNATIONAL STANDARD BOOK NUMBER
International Standard Book Number 1412935482 (hbk.)
020 ## - INTERNATIONAL STANDARD BOOK NUMBER
International Standard Book Number 1412935490 (pbk.)
020 ## - INTERNATIONAL STANDARD BOOK NUMBER
International Standard Book Number 9781412935494 (pbk.)
035 ## - SYSTEM CONTROL NUMBER
System control number (OCoLC)ocn163334055
040 ## - CATALOGING SOURCE
Original cataloging agency UKM
Transcribing agency hu
Modifying agency BAKER
-- BTCTA
-- YDXCP
-- IXA
-- BWK
-- DLC
042 ## - AUTHENTICATION CODE
Authentication code lccopycat
050 00 - LIBRARY OF CONGRESS CALL NUMBER
Classification number HM711
Item number .C86 2008
082 00 - DEWEY DECIMAL CLASSIFICATION NUMBER
Classification number 302.35/
Edition number 22
100 1# - MAIN ENTRY--PERSONAL NAME
Personal name Cunliffe, Ann L.
9 (RLIN) 12808
245 10 - TITLE STATEMENT
Title Organization theory /
Statement of responsibility, etc. Ann L. Cunliffe.
260 ## - PUBLICATION, DISTRIBUTION, ETC.
Place of publication, distribution, etc. Los Angeles ;
-- London :
Name of publisher, distributor, etc. SAGE,
Date of publication, distribution, etc. 2008.
300 ## - PHYSICAL DESCRIPTION
Extent 178 p. :
Other physical details ill. ;
Dimensions 21 cm.
440 #0 - SERIES STATEMENT/ADDED ENTRY--TITLE
Title SAGE course companions : knowledge and skills for success
9 (RLIN) 12809
504 ## - BIBLIOGRAPHY, ETC. NOTE
Bibliography, etc. note Includes bibliographical references (p. [171]-173) and index.
650 #0 - SUBJECT ADDED ENTRY--TOPICAL TERM
Topical term or geographic name entry element Organizational sociology.
9 (RLIN) 12661
906 ## - LOCAL DATA ELEMENT F, LDF (RLIN)
a 7
b cbc
c copycat
d 2
e epcn
f 20
g y-gencatlg
942 ## - ADDED ENTRY ELEMENTS (KOHA)
Source of classification or shelving scheme Dewey Decimal Classification
Koha item type Books like text book referance book
Suppress in OPAC No

No items available.